|
|
|
|
| LEADER |
01261nam a2200301 a 4500 |
| 001 |
16487 |
| 003 |
BD-DhAAL |
| 008 |
100118r20062005pk a 000 0 eng d |
| 010 |
|
|
|a 96930841
|
| 020 |
|
|
|a 9780195979862
|
| 020 |
|
|
|a 0195979869
|
| 020 |
|
|
|a 0195776895
|
| 040 |
|
|
|a DLC
|c DLC
|d DLC
|d BD-DhAAL
|
| 082 |
0 |
4 |
|a 303.484095491
|2 22
|
| 100 |
1 |
|
|a Khan, Akhter Hameed.
|9 25992
|
| 245 |
1 |
0 |
|a Orangi Pilot Project :
|b reminiscences and reflections /
|c Akhtar Hameed Khan.
|
| 260 |
|
|
|a Karachi :
|b Oxford University Press,
|c 2005
|g [printing 2006]
|
| 300 |
|
|
|a xlvii, 175 pages :
|b illustrations ;
|c 23 cm
|
| 526 |
|
|
|x Vice-Chancellor, BRAC University
|
| 541 |
1 |
|
|a Zeenat Book Supply Limited
|e 16487
|
| 610 |
2 |
0 |
|a Orangi Pilot Project.
|9 57359
|
| 650 |
|
0 |
|a Social reformers
|z Pakistan
|x Biography.
|9 57360
|
| 650 |
|
0 |
|a Urbanization
|z Pakistan
|z Karachi.
|9 57361
|
| 650 |
|
0 |
|a Poor
|z Pakistan
|z Karachi.
|9 57362
|
| 852 |
4 |
|
|a Ayesha Abed Library
|c General Stacks
|
| 942 |
|
|
|2 ddc
|c BK
|
| 999 |
|
|
|c 7065
|d 7065
|
| 952 |
|
|
|0 0
|1 0
|2 ddc
|4 0
|6 303_484095491000000_KHA_2006
|7 0
|9 7337
|a BRACUL
|b BRACUL
|c GEN
|d 2010-01-21
|e Zeenat Book Supply Limited
|g 490.00
|l 3
|m 42
|o 303.484095491 KHA
|p 3010016487
|r 2020-01-21
|s 2019-10-13
|t 1
|w 2010-01-21
|y BK
|x Requisitioned by Vice-Chancellor, BRAC University.
|